Регионална библиотека "Любен Каравелов" - Русе

Мистериум (Запис номер 490172)

MARC детайли
000 -Лидер
Лидер 01286nam a2200289 a 4500
003 - Код на организацията, давaща контролен номер
Код на организацията, даваща контролен номер BLK
005 - Дата и час на последна редакция
Дата и час на последна редакция 20250321182349.0
008 - Елементи от данни с фиксирана дължина
Елементи с фиксирана дължина 230324b bu |||||r|||| 00| | bu d
020 ## - Международен стандартен номер на книга ISBN
ISBN 9786190111856
040 ## - Източник на каталожния запис
Код на библиотеката BLK
041 ## - Код за език
Език Български
Език за КДБФ Български
080 ## - УДК
УДК текст Американска литература (на САЩ)
УДК код 821.111(73)
УДК – определител -312.4
УДК – код + определител 821.111(73)-312.4
100 ## - Редна дума - Автор
R(LIN) 242451
Автор Кунц, Дийн Р.
245 ## - Сведения за заглавието
Заглавие Мистериум
Авторска отговорност Дийн Кунц ; прев. от англ. Боряна Даракчиева, Стефан Георгиев
260 ## - Област на издателските данни
9 (RLIN) 210881
Място на издаване София
Име на издателя Изток-Запад
Година на издаване 2023
Издателство - префикс ISBN 978-619-01- ; 978-619-152- ; 978-954-321- ; 954-8945-
300 ## - Физическа характеристика
Брой страници 336 с.
Размер 21 см
380 ## - Жанр
Жанр Худож. лит.
490 ## - СЕРИИ (Колекции)
9 (RLIN) 206327
Серия Magica
500 ## - Общи забележки
Обща забележка Прев. по: Devoted / Dean Koontz.<br/>Биогр. данни за авт. отбелязани на гърба на кор.
700 ## - Други автори (авторска отговорност)
9 (RLIN) 1021
Друг автор Даракчиева, Боряна Неделчева
Авт. отговорност на др. автор прев. от англ.
700 ## - Други автори (авторска отговорност)
Друг автор Георгиев, Стефан Любомиров
Дати, свързани с автора 1972-
9 (RLIN) 382280
852 ## - Местоположение
Сигнатура (форматна) Цб 319956
Отдел Хранилище
856 ## - Електронен адрес и достъп
Инструкция (цена за достъп) 0.00
Права за достъп disable
942 ## - АРТИКУЛИ
Вид на библиотечния документ Книги
Скрит в OPAC Не
Периодичен библиозапис Да
Koha issues (borrowed), all copies 12
944 ## - СЪЗДАВАНЕ И РЕДАКЦИЯ на ЗАПИСА
Създаване/Редакция Създаване
Дата на регистрацията/редакция 2023
Служител, извършил регистрацията/редакцията 30575
Номер на служител Мартин Енчев
999 ## - СИСТЕМНИ КОНТРОЛНИ НОМЕРА
Koha biblionumber 490172
Koha biblioitemnumber 490172
Наличности
Код за отписване Код за изгубен артикул Източник на класификационната схема Код за повреда Коз за рестрикции Код за отдаване Артикулен № Име на библиотеката - собственик Име на библиотеката, в която се намира в момента Статус (Текущо местоположение) Дата на вписване в системата Местоположение - отдел Цена в лева Инвентарен номер Систематично азбучна сигнатура Баркод Цена в евро Служебен тип на артикула
  Не е изгубен Universal Decimal Classification Не е повреден без рестрикции заемане за дома 925950 Регионална библиотека "Любен Каравелов" Русе Регионална библиотека "Любен Каравелов" Русе Заемна - подръчен фонд 2023-03-29 Заемна - подръчен фонд 16.49 120000885033 821-31/К 93 Д 120000885033 8.43 Книги
  Не е изгубен Universal Decimal Classification Не е повреден без рестрикции заемане за дома 925951 Регионална библиотека "Любен Каравелов" Русе Регионална библиотека "Любен Каравелов" Русе Заемна - подръчен фонд 2023-03-29 Заемна - подръчен фонд 16.49 120000885032 821-31/К 93 Д 120000885032 8.43 Книги
  Не е изгубен Universal Decimal Classification Не е повреден без рестрикции заемане за дома 925952 Регионална библиотека "Любен Каравелов" Русе Регионална библиотека "Любен Каравелов" Русе Заемна - подръчен фонд 2023-03-29 Заемна - подръчен фонд 16.49 120000885031 821-31/К 93 Д 120000885031 8.43 Книги
  Не е изгубен Universal Decimal Classification Не е повреден   ползва се в читалня 935527 Регионална библиотека "Любен Каравелов" Русе Регионална библиотека "Любен Каравелов" Русе Хранилище 2023-11-01 Хранилище 21.99 120000894617 Цб 319956 120000894617 11.24 Книги
Vip Innovations Ltd, Rousse, Bulgaria 2025